000 00607nam a2200241Ia 4500
003 OSt
005 20221005124501.0
006 a|||||r|||| 00| 0
007 ta
008 221004b |||||||| |||| 00| 0 eng d
024 _a47245
037 _cTextual
040 _aCRL
_cCRL
_beng
041 _2eng
_aeng
082 _aO111,3M50,1, 31K1
100 _aStevenson Au.
_9632104
245 0 _aNaan cruvar
260 _c1961
650 _a ENGLISH LITERATURE
650 _aENGLISH FICTION
942 _hO111,3M50,1, 31K1
_cTEXL
_2cc
999 _c1050628
_d1050628